00199nam a2200085Ia 4500008004100000041001200041082002100053100001300074245002600087231221s9999 xx 000 0 und d aEnglish a001.6424JAV GAL aGalgotia 0aJava applet powerpack